00615 2200241 4500001002100000005001700021008004100038020001800079035002400097041000800121043001200129082001100141090002200152100002000174245006200194250001100256260003400267300001900301650001000320700000900330850001200339999002200351YOGYA-0511000000112920110520085144.0 ind  a979-26-1780-9 0010-051100000001128 aInd aYOPDYOG a152.41 aDEP 152.41bGib K aGIBRAN , Kahlil aKetika cinta memanggilmucKahlil Gibran; Penyunting, Bono aCet. 1 aYogyakartabCitra Mediac2010 a124 hlmc19 cm aCinta aBona aYOPDYOG aCB-D.11 2010-1466